00283nam a2200121Ia 4500008004100000041000800041100001200049245002300061260003300084300000900117520001200126650002300138230818s2004 xx 000 0 und d aeng aAnderws aHotel Front office bTata Mc Graw Hill pub.c2004 a176p aGeneral aHotel Front office